000 00836nam a22003017a 4500
001 BR9400906
003 BR-BrBNA
005 20230928093903.0
007 ta
008 230509b bl.||||| |||| 00| 0 por d
040 _aBR-BrBNA
_bpor
_cBiblioteca Nacional de Agricultura
041 _a(Por)
072 _aQ80; E21
090 _ Q80 BR9400906
110 1 _aSociedade Civil de Engenharia e Economia, Manaus, AM (Brasil)
_99846
245 1 _aRigesa da Amazonia S.A.: Projeto industrial (producao de embalagens de papelao ondulado)
260 3 _aManaus, AM (Brasil):
_c1982.
300 _a55 p.
650 _aEmbalagem
650 _aPapelao
650 _aCelulose
650 _aMercado
650 _aDemanda
650 _aOferta
650 _aIndustria Agricola
909 _a202309
_bLucia
_c55
_dLucia Elande
942 _cBK
999 _c47712
_d47712